Music Quiz

Random Music or Song Quiz

Another Brick In The Wall (Literally) Quiz Stats

 Plays Quiz Updated Jul 12, 2016

Challenge
Share
Tweet
Score 0/230 Timer 03:00
7 Plays Today
% Correct
the
95.1%
the
95.1%
the
95.1%
in
93.6%
in
93.6%
in
93.6%
in
93.6%
in
93.6%
__
91.8%
__
91.8%
__
91.8%
__
91.8%
__
91.8%
__
91.8%
__
91.8%
__
91.8%
__
91.8%
__
91.8%
__
91.8%
____
91.8%
____
91.8%
____
91.8%
____
91.8%
____
91.8%
____
91.8%
____
91.8%
____
91.8%
____
91.8%
____
91.8%
____
91.8%
____
91.8%
____
91.8%
____
91.8%
____
91.8%
____
91.8%
____
91.8%
____
91.8%
____
91.8%
____
91.8%
____
91.8%
____
91.8%
____
91.8%
____
91.8%
____
91.8%
____
91.8%
____
91.8%
____
91.8%
____
91.8%
____
91.8%
____
91.8%
____
91.8%
____
91.8%
____
91.8%
____
91.8%
____
91.8%
____
91.8%
____
91.8%
____
91.8%
____
91.8%
____
91.8%
____
91.8%
____
91.8%
____
91.8%
____
91.8%
____
91.8%
____
91.8%
____
91.8%
____
91.8%
____
91.8%
____
91.8%
____
91.8%
____
91.8%
____
91.8%
____
91.8%
____
91.8%
____
91.8%
____
91.8%
% Correct
____
91.8%
____
91.8%
____
91.8%
____
91.8%
____
91.8%
____
91.8%
____
91.8%
____
91.8%
____
91.8%
____
91.8%
____
91.8%
____
91.8%
____
91.8%
____
91.8%
____
91.8%
____
91.8%
____
91.8%
____
91.8%
____
91.8%
____
91.8%
____
91.8%
____
91.8%
____
91.8%
____
91.8%
____
91.8%
____
91.8%
____
91.8%
____
91.8%
____
91.8%
____
91.8%
____
91.8%
____
91.8%
____
91.8%
____
91.8%
____
91.8%
____
91.8%
____
91.8%
____
91.8%
____
91.8%
____
91.8%
____
91.8%
____
91.8%
____
91.8%
____
91.8%
____
91.8%
____
91.8%
____
91.8%
____
91.8%
____
91.8%
____
91.8%
____
91.8%
____
91.8%
____
91.8%
____
91.8%
____
91.8%
____
91.8%
____
91.8%
____
91.8%
____
91.8%
____
91.8%
____
91.8%
____
91.8%
____
91.8%
____
91.8%
____
91.8%
____
91.8%
____
91.8%
____
91.8%
____
91.8%
____
91.8%
____
91.8%
____
91.8%
____
91.8%
____
91.8%
____
91.8%
____
91.8%
____
91.8%
% Correct
____
91.8%
____
91.8%
____
91.8%
____
91.8%
____
91.8%
____
91.8%
____
91.8%
____
91.8%
____
91.8%
____
91.8%
____
91.8%
____
91.8%
____
91.8%
____
91.8%
____
91.8%
____
91.8%
____
91.8%
____
91.8%
____
91.8%
____
91.8%
____
91.8%
____
91.8%
____
91.8%
____
91.8%
____
91.8%
____
91.8%
____
91.8%
____
91.8%
____
91.8%
____
91.8%
____
91.8%
____
91.8%
____
91.8%
____
91.8%
_
91.8%
_
91.8%
brick
91.7%
brick
91.7%
We
90.9%
We
90.9%
another
89%
another
89%
no
88.9%
no
88.9%
No
88.9%
wall.
88.7%
wall.
88.7%
don't
88.5%
don't
88.5%
need
88.1%
need
88.1%
education.
87%
just
86.5%
just
86.5%
Teacher,
85%
teacher,
85%
leave
84.4%
leave
84.4%
kids
84.2%
kids
84.2%
alone.
84.1%
alone.
84.1%
control.
83.6%
All
83.3%
all
83.3%
All
83.3%
all
83.3%
Hey,
79.7%
classroom.
78.1%
them
77.5%
them
77.5%
thought
77%
it's
75%
dark
69.3%
sarcasm
67.9%
you're
63.1%

You're not logged in!

Compare scores with friends on all Sporcle quizzes.
Join for Free
OR
Log In

You Might Also Like...

Show Comments

Extras

Top Quizzes Today


Score Distribution

Your Account Isn't Verified!

In order to create a playlist on Sporcle, you need to verify the email address you used during registration. Go to your Sporcle Settings to finish the process.

Report this User

Report this user for behavior that violates our Community Guidelines.

Details: